| Tag |
First Indicator |
Second Indicator |
Subfields |
| LEADER |
00000cam a22000001a 4500 |
| 001 |
in00003343708 |
| 006 |
m d f |
| 007 |
cr bn mmmapmmp |
| 008 |
110210s2006 dcua ob f000 0 eng d |
| 005 |
20260501193334.4 |
| 035 |
|
|
|a cis2007803016
|
| 040 |
|
|
|a ProQuest
|c ProQuest
|d UtOrBLW
|
| 042 |
|
|
|a pcc
|
| 043 |
|
|
|a n-us---
|
| 074 |
|
|
|a 1037-B
|
| 074 |
|
|
|a 1037-B (online)
|
| 074 |
|
|
|a 1037-C (MF)
|
| 074 |
|
|
|a 1037-C (online)
|
| 086 |
0 |
|
|a Y 4.G 74/9:S.PRT.109-65
|
| 099 |
|
|
|a CMP-2006-HSG-0003
|
| 245 |
0 |
4 |
|a The role of market speculation in rising oil and gas prices :
|b a need to put the cop back on the beat : staff report /
|c prepared by the Permanent Subcommittee on Investigations of the Committee on Homeland Security and Governmental Affairs, United States Senate.
|
| 264 |
|
1 |
|a Washington :
|b U.S. G.P.O. :
|c 2006.
|
| 264 |
|
2 |
|a Washington :
|b For sale by the Supt. of Docs., U.S. G.P.O.,
|
| 300 |
|
|
|a 1 online resource.
|
| 336 |
|
|
|a text
|b txt
|2 rdacontent
|
| 337 |
|
|
|a computer
|b c
|2 rdamedia
|
| 338 |
|
|
|a online resource
|b cr
|2 rdacarrier
|
| 500 |
|
|
|a Record is based on bibliographic data in ProQuest U.S. Congressional Research Digital Collection. Reuse except for individual research requires license from ProQuest, LLC.
|
| 504 |
|
|
|a Includes bibliographical references.
|
| 530 |
|
|
|a Also available via Internet from the GPO Access web site. Addresses as of 8/28/06: http://frwebgate.access.gpo.gov/cgi-bin/getdoc.cgi?dbname=109%5Fcong%5Fsenate%5Fcommittee%5Fprints&docid=f:28640.pdf; current access is available via PURL.
|
| 500 |
|
|
|a Electronic resource.
|
| 650 |
|
0 |
|a Petroleum products
|x Prices
|z United States.
|
| 650 |
|
0 |
|a Natural gas
|x Prices
|z United States.
|
| 650 |
|
0 |
|a Speculation.
|
| 655 |
|
7 |
|a Electronic books.
|2 local
|
| 710 |
2 |
|
|a ProQuest (Firm)
|
| 710 |
1 |
|
|a United States.
|b Congress.
|b Senate.
|b Committee on Homeland Security and Governmental Affairs.
|b Permanent Subcommittee on Investigations.
|
| 776 |
0 |
8 |
|i Print version:
|t Role of market speculation in rising oil and gas prices
|z 0160768241
|
| 776 |
0 |
8 |
|i Microfiche version:
|t Role of market speculation in rising oil and gas prices.
|d [Bethesda, Md.] : ProQuest,[2004]
|o CIS 2006 S482-5
|w (ProQuest)cis00602995
|
| 830 |
|
0 |
|a U.S. Congressional Research.
|
| 856 |
4 |
0 |
|u http://proxy.library.tamu.edu/login?url=https://congressional.proquest.com/congcomp/getdoc?CRDC-ID=CMP-2006-HSG-0003
|z Connect to the full text of this electronic book
|t 0
|
| 998 |
|
|
|a cis00602995
|
| 999 |
|
|
|a MARS
|
| 999 |
f |
f |
|s d9d857b3-1302-32b6-ab8c-5cdc1742756e
|i fe186f12-700d-3de8-8140-89b36efc5fbe
|t 0
|
| 952 |
f |
f |
|a Texas A&M University
|b College Station
|c Electronic Resources
|s www_evans
|d Available Online
|t 0
|e CMP-2006-HSG-0003
|h Other scheme
|
| 998 |
f |
f |
|a CMP-2006-HSG-0003
|t 0
|l Available Online
|